As infelicidades de Sofia (Registo nº 4122)

Detalhes MARC
000 -Etiqueta do registo
Cabeçalho 00778nam0a2200253 4500
005 - Identificador da versão
Campo de controlo 20240813122053.0
021 ## - Número do Depósito Legal
Código do país PT
Número 11893/86
100 ## - Dados gerais de processamento
Dados gerais de processamento 20170310d1986 c y0pory5003 ba
102 ## - Pais de publicação ou produção
País de publicação Portugal
101 1# - Língua de publicação
Língua do texto, banda sonora, etc. Português
Língua do documento no original Francês
215 ## - Descrição física 
Indicação específica da natureza do documento e extensão da espécie [20] p.
Outras indicações físicas il. color
200 1# - Titulo e menção de responsabilidade
Título próprio As infelicidades de Sofia
Primeira menção de responsabilidade adaptação de textos M. C. Suigne
Outras menções de responsabilidade il. Valériane
-- trad. Maria Henriqueta Brito
225 1# - Colecção 
Título próprio da colecção Livros do arco-íris
210 ## - Publicação, Distribuição, etc. 
Lugar da edição, distribuição, etc. Porto
Nome do editor, distribuidor, etc. Asa
Data da publicação, distribuição, etc. 1986
606 ## - Nome comum usado como assunto
Número de registo de entrada de autoridade 0001419
Palavra de ordem Literatura francesa
Subdivisão de assunto Conto
Código do sistema CA
675 ## - Classificação Decimal Universal (CDU)
Notação 821.133.1-34
Edição 3ª ed.
Língua da edição por
702 #1 - Nome de autor-pessoa física (responsabilidade secundária)
Número de registo de entrada de autoridade 0001743
Palavra de ordem Suigne
Outra parte do nome não tomada para palavra de ordem M. C.
Código de função Adaptador
Número de registo de entrada de autoridade 0001744
Palavra de ordem Valériane
Código de função Ilustrador / Técnico de desenho computorizado
Número de registo de entrada de autoridade 0001745
Palavra de ordem Brito
Outra parte do nome não tomada para palavra de ordem Maria Henriqueta
Código de função Tradutor
966 ## - Identificação da Biblioteca
Sigla EBVEN
942 ## - Elementos de entrada adicionados (Koha)
Tipo de item no Koha Livro
Exemplares
Situação do levantamento Origin of item (home branch) (coded) Biblioteca de empréstimo Código de barras Cota Circulation type (not for loan) Tipo de documento Nota do exemplar Damaged status
  Biblioteca Escolar das Vendas Biblioteca Escolar das Vendas BEV154 8EST VAL   Livro Sem mensagem